000
00311nam a2200121Ia 4500
008
190216s9999||||xx |||||||||||||| ||und||
100
_a
William Archibald Dunning
245
0
_a
History Of Political Theories
260
_b
Central Book Depot
_c
1966
300
_a
360p
650
_a
Political Science
942
_c
BK
999
_c
34753
_d
34753